Robes de chevaux - Mort subite - Statistiques

Statistiques générales
  • Ce quiz a été pris 827 fois
    810 depuis la dernière actualisation
  • Le résultat moyen est 7 sur 14
Answers on the Grid
Answers color-coded by a green-red scale on the quiz's grid according to % correct below.
Bai
Alezan
Noir
Isabelle
Palomino
Fumé
Pie
Souris
Gris
Blanc
Crème
Rouan
Aubère
Louvet
Fauve
Abricot
Angora
Sépia
Calico
Panaché
Agouti
Astrakan
Ivoire
Marron
 
Statistiques - réponses
Réponse % Correct
Bai
68%
Isabelle
66%
Noir
66%
Pie
66%
Gris
65%
Alezan
64%
Palomino
61%
Blanc
53%
Crème
53%
Souris
53%
Rouan
47%
Aubère
41%
Louvet
24%
Fumé
15%
Aucun quiz correspondant
Distribution des résultats
% des personnes avec chaque résultat
Percentile par nombre de réponses
Votre historique - résultats
Vous n’avez pas pris ce quiz depuis la dernière actualisation